[Event "Montpellier ct"]
[Site "?"]
[Date "1985.??.??"]
[Round "?"]
[White "Chernin, A."]
[Black "Yusupov, A."]
[Result "1/2-1/2"]
[WhiteElo "2560"]
[BlackElo "2600"]
[PlyCount "48"]
[EventDate "1985.??.??"]
[Source "www.chesslib.no"]
[SourceDate "2004.05.04"]

1. d4 f5 2. Bg5 c6 3. e3 g6 4. c4 Bg7 5. Nc3 d6 6. Bd3 Qa5 7. Nge2 Nd7 8. O-O e5 9. dxe5 dxe5 10. a3 h6 11. Bh4 Ngf6 12. b4 Qc7 13. f3 O-O 14. e4 f4 15. c5 Kh8 16. Bc4 b5 17. Bb3 Rd8 18. Qc2 a5 19. Bf2 a4 20. Ba2 Nf8 21. Rad1 Be6 22. Bxe6 Nxe6 23. Nc1 g5 24. Rxd8+ Rxd8 1/2-1/2

[Event "Studien/Study Materi"]
[Site "?"]
[Date "1992.??.??"]
[Round "7"]
[White "Bareev, Evgeny I"]
[Black "Piskov, Yury"]
[Result "1-0"]
[WhiteElo "2635"]
[BlackElo "2500"]
[PlyCount "73"]
[EventDate "1992.??.??"]
[Source "www.chesslib.no"]
[SourceDate "2004.05.04"]

1. d4 f5 2. Bg5 c6 3. c3 d5 4. e3 Be6 5. h4 h6 6. Bf4 Bf7 7. g4 fxg4 8. Qxg4 Nf6 9. Qh3 Nbd7 10. Nd2 Qb6 11. O-O-O a5 12. Bd3 a4 13. Ngf3 c5 14. Ne5 Nxe5 15. dxe5 a3 16. b3 c4 17. Bc2 cxb3 18. Nxb3 Nh5 19. Bh2 e6 20. e4 dxe4 21. Rhe1 Ra4 22. Qg4 Be7 23. Rxe4 Rxe4 24. Qxe4 Qxf2 25. Qa4+ Kf8 26. Qa8+ Be8 27. Nd2 Qb6 28. Rf1+ Nf6 29. Bg6 Qd8 30. Qxd8 Bxd8 31. exf6 gxf6 32. Bd6+ Kg7 33. h5 Bb6 34. Be7 f5 35. Bd6 Kf6 36. Ne4+ Kg7 37. Be5+ 1-0

[Event "Moskva (open)"]
[Site "?"]
[Date "1992.??.??"]
[Round "?"]
[White "Chekhov, V."]
[Black "Vyzmanavin, A."]
[Result "1/2-1/2"]
[WhiteElo "2535"]
[BlackElo "2580"]
[PlyCount "71"]
[EventDate "1992.??.??"]
[Source "ChessBase"]
[SourceDate "1992.06.01"]

1. d4 f5 2. Bg5 g6 3. Nd2 Bg7 4. e4 fxe4 5. Nxe4 d5 6. Nc5 Qd6 7. Nf3 Nf6 8. Nd3 O-O 9. Bf4 Qb6 10. c3 Bf5 11. Qb3 c6 12. Be2 Nbd7 13. O-O Ne4 14. Rfe1 Rae8 15. Nfe5 Ndf6 16. f3 Nd6 17. Qxb6 axb6 18. g4 Bxd3 19. Nxd3 Nd7 20. Bf1 Nc4 21. b3 Na3 22. Rac1 c5 23. Kg2 c4 24. bxc4 dxc4 25. Ne5 Nxe5 26. Bxe5 Bh6 27. Rb1 Bd2 28. Red1 Bxc3 29. Rxb6 Rc8 30. Rxb7 Rf7 31. Kg3 e6 32. Rxf7 Kxf7 33. Bd6 Bb2 34. Bxa3 Bxa3 35. Rd2 Bd6+ 36. Kf2 1/2-1/2

[Event "It \"]
[Site "Martuni (Armenia)"]
[Date "2007.07.09"]
[Round "4"]
[White "Pashikian Arman (ARM)"]
[Black "Kotanjian Tigran (ARM)"]
[Result "1/2-1/2"]
[WhiteElo "2538"]
[BlackElo "2560"]
[PlyCount "100"]
[EventDate "2007.??.??"]
[Source "www.chesslib.no"]
[SourceDate "2004.05.04"]

1. d4 f5 2. Bg5 c6 3. e3 Qb6 4. b3 d6 5. Bc4 g6 6. Ne2 Bg7 7. Nf4 d5 8. Bd3 e5 9. dxe5 Bxe5 10. Nd2 Qc7 11. Ne2 Nd7 12. Nf3 Qa5+ 13. Kf1 Bg7 14. h4 Ndf6 15. c4 Ne7 16. Nf4 h6 17. Bxf6 Bxf6 18. cxd5 Nxd5 19. Nxg6 Rg8 20. h5 Bxa1 21. Qxa1 Qc3 22. Qxc3 Nxc3 23. Nd4 Kf7 24. Bc4+ Nd5 25. Bxd5+ cxd5 26. Ke2 Bd7 27. g3 Kf6 28. Nf4 Bc6 29. Rc1 Rac8 30. Rc5 Rgd8 31. Kd2 a6 32. a3 Rd6 33. b4 b6 34. Rc1 Bd7 35. Rg1 Ra8 36. Rc1 a5 37. Rc7 axb4 38. axb4 Ra2+ 39. Ke1 Ra1+ 40. Kd2 Ra2+ 41. Ke1 Ra1+ 42. Ke2 Ra2+ 43. Kf3 Ra3 44. Rb7 Rc3 45. Rb8 Rc8 46. Rxb6 Rxb6 47. Nxd5+ Kg5 48. Nxb6 Bc6+ 49. Nxc6 Rxc6 50. Nd5 Rc4 1/2-1/2

[Event "Moskva (GMA)"]
[Site "?"]
[Date "1990.??.??"]
[Round "?"]
[White "Bareev, E."]
[Black "Malaniuk, V."]
[Result "1/2-1/2"]
[WhiteElo "2590"]
[BlackElo "2505"]
[PlyCount "148"]
[EventDate "1990.??.??"]
[Source "ChessBase"]
[SourceDate "1990.01.01"]

1. d4 f5 2. Bg5 h6 3. Bh4 g5 4. e3 Nf6 5. Bg3 Bg7 6. h4 g4 7. h5 d6 8. Nc3 c6 9. Bd3 Qa5 10. Nge2 e5 11. Qd2 Be6 12. f4 gxf3 13. gxf3 Nbd7 14. a3 O-O-O 15. O-O-O Rde8 16. Bf2 Nh7 17. Ng3 Rhf8 18. d5 cxd5 19. Nb5 Qb6 20. Qb4 Nc5 21. Bxf5 a5 22. Bxe6+ Rxe6 23. Qg4 Qxb5 24. Qxg7 Rxf3 25. Qxh7 Rxf2 26. Rhf1 Rxf1 27. Rxf1 Kb8 28. Rf8+ Ka7 29. Qg8 Qd7 30. Rd8 Qc7 31. Rc8 Qd7 32. Rd8 Qc7 33. Ra8+ Kb6 34. b4 axb4 35. axb4 Nd3+ 36. Kd2 Nxb4 37. c3 d4 38. cxb4 Qc3+ 39. Kd1 Qb3+ 40. Ke1 Qxb4+ 41. Kf1 Qc4+ 42. Kg2 dxe3 43. Ra1 Qc6+ 44. Kh2 Qe8 45. Qh7 Qe7 46. Qb1+ Kc7 47. Qc1+ Kb8 48. Qxe3 Qh4+ 49. Kg2 Qc4 50. Qa7+ Kc7 51. Rf1 Re8 52. Qe3 Qd5+ 53. Kh2 Qe6 54. Qa7 Qc4 55. Qa3 Qe6 56. Rc1+ Kb8 57. Ra1 Rc8 58. Qa7+ Kc7 59. Ne4 Qc4 60. Qe3 Kb8 61. Ra3 Rc6 62. Qf3 Qe6 63. Qf8+ Qc8 64. Qxc8+ Kxc8 65. Nf6 b5 66. Rb3 Rc4 67. Kg3 b4 68. Nd5 Rc5 69. Nxb4 e4 70. Kg4 e3 71. Nd3 e2 72. Rb1 Rg5+ 73. Kh4 Rf5 74. Re1 Rf3 1/2-1/2

[Event "VIII Dos Hermanas Internet"]
[Site "ICC INT"]
[Date "2007.03.23"]
[Round "1.3"]
[White "Arkell, K."]
[Black "Zhang Zhong"]
[Result "1/2-1/2"]
[WhiteElo "2474"]
[BlackElo "2618"]
[PlyCount "118"]
[EventDate "2007.03.23"]
[Source "www.chesslib.no"]
[SourceDate "2004.05.04"]

1. d4 f5 2. Bg5 g6 3. Nd2 Bg7 4. e3 Nf6 5. h4 h6 6. Bxf6 Bxf6 7. g4 e6 8. h5 g5 9. gxf5 exf5 10. Bd3 d5 11. Qf3 g4 12. Qf4 Bg7 13. f3 O-O 14. O-O-O Nc6 15. c3 Qe7 16. Ne2 Nd8 17. Ng3 Qf7 18. fxg4 fxg4 19. Qxf7+ Nxf7 20. Rdf1 Be6 21. Bf5 Rae8 22. e4 dxe4 23. Ndxe4 Bxa2 24. Bxg4 Bd5 25. Bf3 Kh8 26. Rhg1 Nd8 27. Nd2 Bg8 28. Be4 Rxf1+ 29. Rxf1 Rf8 30. Rg1 Bf6 31. Nf3 Be6 32. Kc2 c6 33. Bf5 Bd5 34. Ne5 Bxe5 35. dxe5 Be6 36. Bd3 Rg8 37. Bg6 Rf8 38. Ne4 Nf7 39. Rf1 Kg7 40. Nc5 Ng5 41. Rxf8 Kxf8 42. Nxb7 Nf3 43. Nc5 Ke7 44. Nd3 Bc4 45. Be4 Bxd3+ 46. Kxd3 Nxe5+ 47. Kd4 Kd6 48. b4 Nd7 49. Bf5 c5+ 50. bxc5+ Nxc5 51. Kc4 Kc6 52. Bg6 a5 53. Be8+ Kb6 54. Kd5 a4 55. Bxa4 Nxa4 56. Ke6 Nxc3 57. Kf6 Ne4+ 58. Kg6 Ng3 59. Kxh6 Nxh5 1/2-1/2

[Event "Sibenik"]
[Site "?"]
[Date "1987.??.??"]
[Round "?"]
[White "Chernin, A."]
[Black "Kovacevic, Vlado"]
[Result "0-1"]
[WhiteElo "2580"]
[BlackElo "2505"]
[PlyCount "82"]
[EventDate "1987.??.??"]
[Source "ChessBase"]
[SourceDate "1987.07.01"]

1. d4 f5 2. Bg5 c6 3. e3 Qb6 4. Qc1 d6 5. Nf3 g6 6. Nbd2 Bg7 7. Bd3 e5 8. e4 f4 9. Nc4 Qc7 10. Bxf4 exf4 11. Qxf4 Bf8 12. O-O b5 13. Ncd2 Bh6 14. Qg3 Nf6 15. e5 dxe5 16. a4 Bf4 17. Qh4 O-O 18. dxe5 Ng4 19. axb5 Nxe5 20. Nxe5 Bxe5 21. Rfe1 Bb7 22. Nf3 Bf6 23. Qc4+ Kh8 24. Nd4 Qd6 25. Ne6 cxb5 26. Qxb5 Bc6 27. Qa5 Rc8 28. Rad1 Qd5 29. Qxd5 Bxd5 30. c3 Bb3 31. Rd2 a5 32. Bb5 a4 33. Rd6 Ra5 34. Rb6 Ra7 35. Nf4 Kg7 36. g3 Nd7 37. Rd6 Ne5 38. Re4 Rb8 39. Be2 Bf7 40. Bd1 Nc4 41. Ne6+ Bxe6 0-1

[Event "Moskva (open)"]
[Site "?"]
[Date "1992.??.??"]
[Round "?"]
[White "Chekhov, V."]
[Black "Malaniuk, V."]
[Result "1/2-1/2"]
[WhiteElo "2535"]
[BlackElo "2540"]
[PlyCount "58"]
[EventDate "1992.??.??"]
[Source "ChessBase"]
[SourceDate "1992.06.01"]

1. d4 f5 2. Bg5 h6 3. Bh4 g5 4. e3 Nf6 5. Bg3 d6 6. h4 Rg8 7. hxg5 hxg5 8. Nd2 e6 9. c3 Qe7 10. Qc2 Nc6 11. Bd3 Bd7 12. Ne2 Bg7 13. Nf3 Ng4 14. d5 Nce5 15. dxe6 Nxd3+ 16. Qxd3 Bxe6 17. Ned4 Bxd4 18. Nxd4 O-O-O 19. Nxf5 Qf7 20. Nd4 Rh8 21. O-O-O Bxa2 22. Rxh8 Rxh8 23. Nb5 Nxf2 24. Bxf2 Qxf2 25. Rf1 Qxg2 26. Qf5+ Kd8 27. Nxa7 Rh1 28. Qc8+ Ke7 29. Qxc7+ Ke8 1/2-1/2

[Event "Kavala"]
[Site "?"]
[Date "2006.07.08"]
[Round "6"]
[White "Banikas Hristos"]
[Black "Zysk Robert"]
[Result "1/2-1/2"]
[WhiteElo "2576"]
[BlackElo "2474"]
[PlyCount "86"]
[EventDate "2006.??.??"]
[Source "www.chesslib.no"]
[SourceDate "2004.05.04"]

1. d4 f5 2. Bg5 g6 3. Nd2 Bg7 4. e4 fxe4 5. Nxe4 d5 6. Ng3 Nh6 7. Nh5 Bf8 8. Qe2 Nc6 9. c3 Bf5 10. h4 Qd6 11. Bf4 Qe6 12. Ng3 O-O-O 13. Nxf5 Qxe2+ 14. Nxe2 Nxf5 15. g4 Nd6 16. h5 Rg8 17. hxg6 hxg6 18. Bg2 e6 19. Nc1 g5 20. Bg3 Nf7 21. Nd3 Bd6 22. Bxd6 cxd6 23. Rh7 Rdf8 24. Kd2 Ne7 25. Re1 Kd7 26. b3 Rh8 27. Rxh8 Rxh8 28. c4 dxc4 29. bxc4 b6 30. a4 Rh4 31. Bf3 Nh6 32. Rg1 Nc6 33. Bxc6+ Kxc6 34. f3 Ng8 35. a5 Nf6 36. axb6 axb6 37. Re1 Kd7 38. Rb1 Rh2+ 39. Ke3 Rc2 40. Rb4 Kc7 41. Ne1 Ra2 42. Nd3 Rc2 43. Ne1 Ra2 1/2-1/2

[Event "07, Open"]
[Site "07, Dubrovnik op"]
[Date "1990.??.??"]
[Round "?"]
[White "Lputian, Smbat G"]
[Black "Malaniuk, Vladimir P"]
[Result "0-1"]
[WhiteElo "2545"]
[BlackElo "2505"]
[PlyCount "76"]
[EventDate "1990.??.??"]
[Source "www.chesslib.no"]
[SourceDate "2004.05.04"]

1. d4 f5 2. Bg5 h6 3. Bh4 g5 4. e3 Nf6 5. Bg3 e6 6. Bd3 d6 7. Nc3 Qe7 8. h4 Rg8 9. hxg5 hxg5 10. Nge2 Nc6 11. Bb5 a6 12. Bxc6+ bxc6 13. Qd2 Bb7 14. O-O-O O-O-O 15. f3 Bg7 16. Qd3 Rh8 17. Rhe1 Nd7 18. Kb1 Nb6 19. a4 c5 20. a5 Nd7 21. Na4 cxd4 22. exd4 f4 23. Bf2 Rh2 24. Rg1 Qf6 25. Qc4 Kb8 26. Rd3 Qf5 27. Nc5 dxc5 28. dxc5 c6 29. Rgd1 Kc8 30. Qb4 Qf7 31. Rb3 Ba8 32. Qc4 Bb7 33. Qb4 Nb8 34. Rxd8+ Kxd8 35. Ng3 fxg3 36. Bxg3 Rh1+ 37. Ka2 Kc8 38. Qb6 e5 0-1

[Event "TCh-ROM A"]
[Site "?"]
[Date "2005.05.23"]
[Round "3"]
[White "Istratescu Andrei"]
[Black "Ceteras Marius"]
[Result "1-0"]
[WhiteElo "2624"]
[BlackElo "2426"]
[PlyCount "59"]
[EventDate "2005.??.??"]
[Source "www.chesslib.no"]
[SourceDate "2004.05.04"]

1. d4 f5 2. Bg5 h6 3. Bh4 g5 4. Bg3 Nf6 5. e3 e6 6. Nc3 d6 7. h4 Rg8 8. hxg5 hxg5 9. Qd2 Qe7 10. O-O-O Nc6 11. f3 Nd8 12. e4 f4 13. Bf2 Nf7 14. Nge2 c6 15. Kb1 e5 16. Nc1 Be6 17. Nb3 g4 18. d5 cxd5 19. Bb5+ Kd8 20. Nxd5 Bxd5 21. exd5 Bh6 22. Na5 Qc7 23. Qb4 gxf3 24. Rxh6 Nxh6 25. Nxb7+ Ke7 26. Nxd6 Qxd6 27. Bc5 Nf7 28. gxf3 Rab8 29. a4 Rgc8 30. Bxd6+ 1-0

[Event "RUS-Cup"]
[Site "Nizhnij Novgorod"]
[Date "1999.??.??"]
[Round "8"]
[White "Lastin, Alexander"]
[Black "Guliev, Sarhan"]
[Result "0-1"]
[WhiteElo "2558"]
[BlackElo "2486"]
[PlyCount "98"]
[EventDate "1999.??.??"]
[Source "www.chesslib.no"]
[SourceDate "2004.05.04"]

1. d4 f5 2. Bg5 Nf6 3. Bxf6 exf6 4. g3 d5 5. Bg2 c6 6. e3 Be6 7. Ne2 Bd6 8. Nd2 Nd7 9. c3 a5 10. Qc2 g6 11. b3 Bf7 12. O-O O-O 13. c4 Rc8 14. Qb2 Qe7 15. a3 dxc4 16. bxc4 b6 17. Nc3 Rfe8 18. Rfe1 h5 19. Re2 Qf8 20. Na4 c5 21. d5 Be5 22. Nc3 b5 23. f4 Bxc3 24. Qxc3 b4 25. Qb2 Rb8 26. axb4 Rxb4 27. Qc3 a4 28. h3 Qd6 29. Rae1 Qa6 30. g4 g5 31. fxg5 fxg4 32. Rf2 a3 33. gxf6 a2 34. e4 Rb6 35. hxg4 hxg4 36. Rff1 Re5 37. Ra1 Qa4 38. Qg3 Bh5 39. Qh4 Kf7 40. Qg3 Qc2 41. Qe3 Rb2 42. Rad1 Ke8 43. f7+ Bxf7 44. Qf4 Bh5 45. Qh6 Kd8 46. Qc6 Rb6 47. Qa8+ Ke7 48. Qg8 Qd3 49. Rf2 Qd4 0-1

[Event "It (open) \"]
[Site "Mielno (Poland)"]
[Date "2007.06.23"]
[Round "7"]
[White "Shishkin Vadim (UKR)"]
[Black "Malaniuk Vladimir P (UKR)"]
[Result "0-1"]
[WhiteElo "2515"]
[BlackElo "2529"]
[PlyCount "66"]
[EventDate "2007.??.??"]
[Source "www.chesslib.no"]
[SourceDate "2004.05.04"]

1. d4 f5 2. Bg5 h6 3. Bh4 g5 4. e4 Nf6 5. e5 e6 6. exf6 Qxf6 7. Bg3 f4 8. Qh5+ Kd8 9. Nc3 Bb4 10. Nge2 fxg3 11. hxg3 b6 12. O-O-O Bb7 13. f4 gxf4 14. Nxf4 Bxc3 15. bxc3 Be4 16. Bd3 Bxd3 17. Nxd3 Nc6 18. Rdf1 Qe7 19. Rf7 Qa3+ 20. Kd2 Kc8 21. g4 Na5 22. Ne5 d6 23. Ng6 Rd8 24. Qxh6 Kb7 25. Qg7 Rac8 26. Ne7 Nc4+ 27. Kd3 Ne5+ 28. Kd2 Nxf7 29. Nxc8 Ne5 30. Ne7 Nc4+ 31. Kd3 d5 32. g5 Qd6 33. Rh3 Qf4 0-1

[Event "Masters"]
[Site "Singapore SIN"]
[Date "2006.12.27"]
[Round "3"]
[White "Romanov, Al"]
[Black "Zhang Zhong"]
[Result "0-1"]
[WhiteElo "2430"]
[BlackElo "2609"]
[PlyCount "45"]
[EventDate "2006.12.26"]
[Source "www.chesslib.no"]
[SourceDate "2004.05.04"]

1. d4 f5 2. Bg5 g6 3. c3 Bg7 4. Nd2 h6 5. Bf4 d6 6. Nc4 Nf6 7. e3 e6 8. h3 Nc6 9. g4 Qe7 10. Bg2 Bd7 11. gxf5 exf5 12. d5 Nd8 13. Ne2 O-O 14. Qc2 a5 15. O-O-O b5 16. Na3 Nb7 17. Nd4 b4 18. Nab5 Nc5 19. c4 a4 20. Nxc7 b3 21. axb3 axb3 22. Nxb3 Ba4 23. Nxa8 0-1

[Event "It (Open) Nova Gorica SLO"]
[Site "?"]
[Date "2006.01.30"]
[Round "7"]
[White "Drazic Sinisa"]
[Black "Pavasovic Dusko"]
[Result "1/2-1/2"]
[WhiteElo "2488"]
[BlackElo "2535"]
[PlyCount "105"]
[EventDate "2006.??.??"]
[Source "www.chesslib.no"]
[SourceDate "2004.05.04"]

1. d4 f5 2. Bg5 g6 3. e3 Bg7 4. Nf3 d6 5. Bc4 h6 6. Bh4 Nf6 7. Nbd2 e6 8. h3 Nc6 9. Qe2 g5 10. Bg3 Qe7 11. O-O-O Bd7 12. a3 O-O-O 13. Rhe1 Be8 14. Ng1 e5 15. dxe5 dxe5 16. Nb3 Bh5 17. f3 Rxd1+ 18. Rxd1 Rd8 19. Rxd8+ Nxd8 20. Qd2 Qd6 21. Ne2 Qxd2+ 22. Kxd2 Ne8 23. Nc3 Nd6 24. Bg8 b6 25. Nc1 Bf7 26. Bxf7 N8xf7 27. b3 Kd7 28. a4 e4 29. f4 a6 30. N1e2 Bf6 31. Be1 gxf4 32. Nxf4 c6 33. Nce2 b5 34. axb5 axb5 35. Kd1 Ng5 36. Bb4 Ne6 37. Kd2 Nxf4 38. Nxf4 Bg5 39. Ne2 Ne8 40. Nd4 f4 41. exf4 Bxf4+ 42. Ke2 Nf6 43. Bd2 Bxd2 44. Kxd2 Nd5 45. g3 h5 46. c3 Kd6 47. b4 Ne7 48. Nc2 Ke5 49. Ne3 Nd5 50. Ng2 Ne7 51. Ne3 Nd5 52. Nc2 Ne7 53. Ne3 1/2-1/2

[Event "CUB-ch"]
[Site "?"]
[Date "1998.??.??"]
[Round "?"]
[White "Vera Reynaldo"]
[Black "Borges Mateos Juan"]
[Result "1-0"]
[WhiteElo "2535"]
[BlackElo "2480"]
[PlyCount "41"]
[EventDate "1998.??.??"]
[Source "www.chesslib.no"]
[SourceDate "2004.05.04"]

1. d4 f5 2. Bg5 d6 3. e3 c6 4. Nc3 Be6 5. Bd3 Nd7 6. Nge2 g6 7. e4 fxe4 8. Nxe4 Ngf6 9. O-O Bg7 10. Nf4 Bf7 11. Bxf6 Bxf6 12. Nxf6+ Nxf6 13. Re1 O-O 14. Qd2 Qc7 15. Ne6 Bxe6 16. Rxe6 Rf7 17. Rae1 Rd8 18. c3 Rd7 19. Qg5 Qd8 20. R6e3 Qf8 21. Bf5 1-0

[Event "Deizisau op"]
[Site "Deizisau"]
[Date "2000.??.??"]
[Round "5"]
[White "Gustafsson, Jan"]
[Black "Kindermann, Stefan"]
[Result "1/2-1/2"]
[WhiteElo "2484"]
[BlackElo "2528"]
[PlyCount "36"]
[EventDate "2000.??.??"]
[Source "www.chesslib.no"]
[SourceDate "2004.05.04"]

1. d4 f5 2. Bg5 g6 3. Nd2 Bg7 4. e4 fxe4 5. Nxe4 d5 6. Nc5 b6 7. Nb3 Nf6 8. Nf3 O-O 9. Nbd2 c5 10. c3 Qd6 11. Bd3 Nc6 12. O-O e5 13. dxe5 Nxe5 14. Nxe5 Qxe5 15. Nf3 Qd6 16. Re1 Bg4 17. h3 Bxf3 18. Qxf3 Rae8 1/2-1/2

[Event "Cto.Esp. R4M1"]
[Site "?"]
[Date "1996.??.??"]
[Round "?"]
[White "Gomez, M."]
[Black "Mellado, J."]
[Result "1/2-1/2"]
[WhiteElo "2495"]
[BlackElo "2505"]
[PlyCount "34"]
[EventDate "1996.??.??"]
[Source "www.chesslib.no"]
[SourceDate "2004.05.04"]

1. d4 f5 2. Bg5 h6 3. Bh4 c5 4. e3 Qb6 5. Nf3 cxd4 6. Qxd4 Qxd4 7. Nxd4 g5 8. Bg3 Bg7 9. c3 d6 10. Bd3 Bxd4 11. cxd4 Nf6 12. h4 g4 13. Nc3 Nc6 14. O-O Bd7 15. Rac1 O-O 16. a3 Kg7 17. Bb5 Rac8 1/2-1/2

[Event "GRE-chT"]
[Site "Poros"]
[Date "1998.04.24"]
[Round "6"]
[White "Banikas, Hristos"]
[Black "Rychagov, Andrey"]
[Result "0-1"]
[WhiteElo "2495"]
[BlackElo "2495"]
[PlyCount "118"]
[EventDate "1998.??.??"]
[Source "www.chesslib.no"]
[SourceDate "2004.05.04"]

1. d4 f5 2. Bg5 c6 3. c3 g6 4. h4 Bg7 5. Nd2 h6 6. Bf4 Nf6 7. Qc2 d6 8. e4 fxe4 9. Nxe4 Nxe4 10. Qxe4 Bf5 11. Qe3 Qd7 12. Bc4 d5 13. Be2 Qe6 14. Qxe6 Bxe6 15. Bd3 Kf7 16. O-O-O Nd7 17. Re1 Bg4 18. Re3 c5 19. Nf3 cxd4 20. cxd4 Rac8+ 21. Kb1 e6 22. Rhe1 Rhe8 23. g3 a6 24. a3 Rc6 25. Be5 Nxe5 26. dxe5 Bf5 27. Nd4 Bxd3+ 28. Rxd3 Rc4 29. f4 Rf8 30. Nf3 Rfc8 31. Rh1 h5 32. Rg1 Bf8 33. Nd2 Rc2 34. Nb3 Be7 35. Nd4 R2c4 36. Rgd1 Bc5 37. Ne2 Bf2 38. Rf3 Ba7 39. Rc3 Ke7 40. Rdd3 Rxc3 41. Nxc3 Rc4 42. Kc2 Bd4 43. Kb3 b5 44. Nb1 Bf2 45. Rf3 Be1 46. Rd3 Kd7 47. Nd2 Bxd2 48. Rxd2 Kc6 49. Ka2 a5 50. Rg2 d4 51. g4 hxg4 52. Rxg4 d3 53. Rg1 Kd5 54. Rd1 Ke4 55. Kb1 Ke3 56. f5 gxf5 57. Rh1 d2 58. h5 Rh4 59. Rd1 Ke2 0-1

[Event "Elista ol (Men)"]
[Site "Elista"]
[Date "1998.10.01"]
[Round "3"]
[White "Kempinski, Robert"]
[Black "Yilmaz, Turham"]
[Result "1-0"]
[WhiteElo "2545"]
[BlackElo "2445"]
[PlyCount "87"]
[EventDate "1998.09.29"]
[Source "ChessBase"]
[SourceDate "1998.11.06"]

1. d4 f5 2. Bg5 Nf6 3. Nc3 d5 4. f3 Nc6 5. Qd2 e6 6. O-O-O Be7 7. e4 fxe4 8. fxe4 dxe4 9. Nge2 O-O 10. Kb1 e3 11. Bxe3 b5 12. Ng3 a6 13. Nce4 Nd5 14. Be2 Nxe3 15. Qxe3 Nb4 16. Bg4 Nd5 17. Qe2 Nf4 18. Qd2 Bb7 19. Rhf1 g5 20. h4 Bd5 21. hxg5 Bxg5 22. Bf3 Be7 23. Qe3 Rb8 24. Nc5 Qd6 25. Nge4 Qc6 26. Bg4 Ng6 27. Ng5 Bxg5 28. Qxg5 Qd6 29. Rxf8+ Rxf8 30. Re1 Rf2 31. Bxe6+ Bxe6 32. Nxe6 c6 33. a3 a5 34. g3 b4 35. Qxa5 bxa3 36. Qxa3 Qd5 37. Qa7 Rf7 38. Qb8+ Nf8 39. b3 Qa5 40. Qe5 Qc3 41. d5 Qxe5 42. Rxe5 Ng6 43. Rg5 cxd5 44. Nf4 1-0

[Event "Gausdal"]
[Site "?"]
[Date "1993.??.??"]
[Round "?"]
[White "Skembris, S."]
[Black "Tisdall, J."]
[Result "1-0"]
[WhiteElo "2565"]
[BlackElo "2425"]
[PlyCount "79"]
[EventDate "1993.??.??"]
[Source "ChessBase"]
[SourceDate "1993.02.01"]

1. d4 f5 2. Bg5 g6 3. c3 Bg7 4. h4 h6 5. Bc1 Nc6 6. e4 fxe4 7. Qg4 d5 8. Qxg6+ Kf8 9. f3 Qd6 10. Qxd6 cxd6 11. fxe4 dxe4 12. Nh3 e5 13. dxe5 Nxe5 14. Nf4 Nf6 15. Na3 Bf5 16. Nc4 Ke7 17. Be3 Rhc8 18. Nxe5 dxe5 19. Ne2 Nd5 20. Bc1 e3 21. Ng3 Bh7 22. Ke2 e4 23. Nh5 Be5 24. Bxe3 Bg6 25. g4 Nxe3 26. Kxe3 Rf8 27. Bg2 Bc7 28. Rhf1 Bb6+ 29. Ke2 Bxh5 30. gxh5 e3 31. Bf3 Rf4 32. Bxb7 Raf8 33. Rxf4 Rxf4 34. Bf3 Rxh4 35. Rh1 Rf4 36. b4 Kd8 37. Rg1 Rh4 38. Rg6 Rh2+ 39. Rg2 Rh4 40. Kd3 1-0

[Event "Stare Mesto"]
[Site "Stare Mesto"]
[Date "1992.??.??"]
[Round "5"]
[White "Guliev, Sarhan"]
[Black "Glek, Igor V"]
[Result "1-0"]
[WhiteElo "2470"]
[BlackElo "2515"]
[PlyCount "69"]
[EventDate "1992.09.??"]
[Source "www.chesslib.no"]
[SourceDate "2004.05.04"]

1. d4 f5 2. Bg5 g6 3. Nc3 Bg7 4. e4 fxe4 5. Nxe4 d5 6. Nc5 b6 7. Nb3 Nf6 8. Bb5+ c6 9. Be2 Ne4 10. Bh4 O-O 11. Nf3 c5 12. c3 Nc6 13. O-O Qd6 14. Bb5 Bg4 15. Bxc6 Qxc6 16. Ne5 Bxe5 17. Qxg4 Rf4 18. Qh3 Bf6 19. Bxf6 Qxf6 20. Qd7 e6 21. f3 Rf8 22. dxc5 bxc5 23. Qxa7 c4 24. Nd4 Ng5 25. Ne2 Rh4 26. Qe3 Nf7 27. a4 Nd6 28. Ng3 Nb7 29. Rfe1 Kf7 30. a5 d4 31. Qe2 dxc3 32. bxc3 Nc5 33. Ne4 Nxe4 34. fxe4 Kg7 35. Qe3 1-0

[Event "Sibenik"]
[Site "?"]
[Date "2006.09.23"]
[Round "2.5"]
[White "Kovacevic Vlatko"]
[Black "Kovacevic Blazimir"]
[Result "1-0"]
[WhiteElo "2491"]
[BlackElo "2490"]
[PlyCount "95"]
[EventDate "2006.??.??"]
[Source "www.chesslib.no"]
[SourceDate "2004.05.04"]

1. d4 f5 2. Bg5 g6 3. e4 fxe4 4. Nc3 Bg7 5. Nxe4 d5 6. Nc3 Nh6 7. Qd2 Nf7 8. Bh4 O-O 9. f4 Nc6 10. Bf2 Bh6 11. g3 e5 12. dxe5 d4 13. Ne4 Nfxe5 14. Bg2 d3 15. Qc3 dxc2 16. fxe5 c1=Q+ 17. Rxc1 Bxc1 18. Nf6+ Rxf6 19. exf6 Bg5 20. Qc4+ Kh8 21. Bxc6 bxc6 22. Qxc6 Bd7 23. Qc3 Bxf6 24. Bd4 Bxd4 25. Qxd4+ Kg8 26. Ne2 Bc6 27. Rf1 Bb5 28. Rf3 Bxe2 29. Qxd8+ Rxd8 30. Kxe2 Rb8 31. b3 Rb6 32. h4 h5 33. Kd2 Kg7 34. Rc3 c6 35. Rc5 Ra6 36. a4 Rb6 37. Kc3 Kf6 38. a5 Rb7 39. Rxc6+ Kf5 40. b4 Re7 41. Rc5+ Kf6 42. Kd4 Re1 43. b5 Ra1 44. Rc6+ Kf5 45. Ra6 Rb1 46. Kc5 Rc1+ 47. Kd6 Rd1+ 48. Kc7 1-0

[Event "corr-14 WCH sf"]
[Site "?"]
[Date "1987.??.??"]
[Round "?"]
[White "Gefenas, Vladas (LIT)"]
[Black "Sokolowski, Roman"]
[Result "1-0"]
[WhiteElo "2585"]
[BlackElo "2390"]
[PlyCount "63"]
[EventDate "1987.??.??"]
[Source "www.chesslib.no"]
[SourceDate "2004.05.04"]

1. d4 f5 2. Bg5 d6 3. e4 Nc6 4. Nc3 Nf6 5. d5 Ne5 6. Nf3 Nxf3+ 7. Qxf3 g6 8. Bb5+ Kf7 9. O-O Bg7 10. Rfe1 h6 11. Bd2 Rf8 12. Bd3 fxe4 13. Bxe4 Bg4 14. Qg3 Nxe4 15. Qxg4 Nxd2 16. Qe6+ Ke8 17. Qxg6+ Rf7 18. Qd3 Nf3+ 19. gxf3 Kd7 20. Re4 a5 21. Rae1 c6 22. dxc6+ bxc6 23. Na4 Ke8 24. Re6 Kf8 25. Qh7 Bxb2 26. Qxh6+ Bg7 27. Qh3 Rb8 28. Kh1 Rb4 29. Rg6 Rxa4 30. Reg1 Ke8 31. Rxg7 Rf8 32. Re1 1-0

[Event "LXVIII ch-ESP Gp B"]
[Site "Burgos"]
[Date "2003.10.25"]
[Round "2"]
[White "Moreno Ruiz, Javier"]
[Black "De la Riva Aguado, Oscar"]
[Result "1-0"]
[WhiteElo "2426"]
[BlackElo "2549"]
[PlyCount "83"]
[EventDate "2003.10.24"]
[Source "Roberto Alvarez"]
[SourceDate "2003.11.03"]

1. d4 f5 2. Bg5 g6 3. Nd2 Bg7 4. e4 fxe4 5. Nxe4 d5 6. Nc5 b6 7. Nb3 a5 8. Nf3 Nh6 9. Be2 O-O 10. O-O Nf7 11. Bh4 a4 12. Nbd2 c5 13. c3 a3 14. b3 cxd4 15. Nxd4 g5 16. Bg3 e5 17. Nb5 Bb7 18. c4 d4 19. Bf3 Bxf3 20. Qxf3 Na6 21. Qg4 Nc5 22. Rad1 Nh6 23. Qe2 Nf5 24. Rfe1 Qe7 25. Ne4 Ne6 26. Bxe5 Bxe5 27. Nd2 Bxh2+ 28. Kxh2 Rae8 29. Kg1 Qf7 30. Ne4 Rd8 31. Nf6+ Qxf6 32. Qxe6+ Kg7 33. Qxf6+ Rxf6 34. Rd2 d3 35. Red1 Re6 36. Kf1 Rf8 37. Kg1 Rd8 38. Kf1 Rf8 39. Kg1 Rd8 40. Nxa3 Re2 41. Nb5 g4 42. Nc3 1-0

[Event "Bartis Memorial A 9198"]
[Site "Bartis Memorial A 9198"]
[Date "1996.??.??"]
[Round "?"]
[White "Pereyra Puebla, Manuel M"]
[Black "Elwert, Hans-Marcus"]
[Result "0-1"]
[WhiteElo "2290"]
[BlackElo "2680"]
[PlyCount "106"]
[EventDate "1996.??.??"]
[Source "www.chesslib.no"]
[SourceDate "2004.05.04"]

1. d4 f5 2. Bg5 c6 3. Nc3 d5 4. e3 Qb6 5. Rb1 Nd7 6. Nf3 g6 7. Be2 Bg7 8. b4 e5 9. O-O h6 10. Bh4 g5 11. Bg3 f4 12. Nxe5 Nxe5 13. Na4 Qc7 14. exf4 gxf4 15. dxe5 fxg3 16. Bh5+ Kd8 17. f4 gxh2+ 18. Kh1 Ne7 19. c4 Bf5 20. Rb3 Kc8 21. cxd5 Nxd5 22. b5 Rd8 23. Bg4 Bxg4 24. Qxg4+ Qd7 25. e6 Qe7 26. bxc6 bxc6 27. Rc1 Rd6 28. Nc5 Nb6 29. Ne4 Rd5 30. Rxc6+ Kb7 31. Rd6 Rd8 32. Rxd8 Rxd8 33. a4 Rd4 34. a5 Rxe4 35. axb6 Re1+ 36. Kxh2 a6 37. Rg3 Bd4 38. Rd3 Bg1+ 39. Kh3 Rxe6 40. g3 Bxb6 41. Qd1 Kc7 42. Qa4 Rc6 43. Qa1 a5 44. f5 Qe2 45. Rc3 Qh5+ 46. Kg2 Qxf5 47. Rxc6+ Kxc6 48. Qc1+ Kb7 49. Qxh6 Qf2+ 50. Kh3 Qf1+ 51. Kg4 Qd1+ 52. Kf5 Qd5+ 53. Kg4 Qe4+ 0-1